Text representing organization and organizing representation

Αποθηκεύτηκε σε:
Λεπτομέρειες βιβλιογραφικής εγγραφής
Άλλοι συγγραφείς: Linstead, Stephen 1952- (Επιμελητής έκδοσης)
Μορφή: Βιβλίο
Γλώσσα:English
Δημοσίευση: London : Routledge, c2003
Σειρά:Management, organizations and society (London, England)
Θέματα:
Ετικέτες: Προσθήκη ετικέτας
Δεν υπάρχουν, Καταχωρήστε ετικέτα πρώτοι!

MARC

LEADER 00000nam a2200000 i 4500
001 1/57069
008 071008s2003 eng d
020 |a 0-415-30473-3 
035 |l 10091255 
040 |a GR-MY-UA  |b gre  |e aacr 
041 0 |a eng 
082 0 |a 302.35  |2 (22) 
245 1 0 |a Text/work :  |b representing organization and organizing representation /  |c edited by Stephen Linstead 
260 |a London :   |b Routledge,   |c c2003 
300 |a viii, 292 σ.;  |c 24 εκ. 
490 1 |a Management, organizations and society 
504 |a Περιλαμβάνει βιβλιογραφίες και ευρετήριο. 
650 0 0 |a Organizational behavior. 
650 0 0 |a Communication in organizations. 
700 1 |a Linstead, Stephen  |d 1952-  |4 edt 
830 0 |a Management, organizations and society (London, England) 
852 |a INST  |b SYROS  |e 20071008  |h 302.35 TEX  |p 005500007061  |q 005500007061  |t BK  |y 0 
901 |a BIBL5-2007-3 
909 |a Ε  |b 137974 
922 |a 5ΕΛΗ  |b 200707  |c ΕΠΕΑΕΚ2/ΤΜΣΠΣ  |d ΕΛΕΥΘΕΡΟΥΔΑΚΗΣ 
970 |a ΚΑΓΙΑΒΑ  |b ΕΙΡΗΝΗ  |z 2007/10/08